ბათუმის შოთა რუსთაველის სახელმწიფო უნივერსიტეტის ბიბლიოთეკა

სამოქალაქო სამართალი (ბიბ.ჩანაწერი № 49382)

000 -LEADER
fixed length control field 00894nam a2200241Ia 4500
001 - CONTROL NUMBER
control field 16301
003 - CONTROL NUMBER IDENTIFIER
control field GE_BSU
008 - FIXED-LENGTH DATA ELEMENTS--GENERAL INFORMATION
fixed length control field 181216s||||||||xx |||||||||||||| ||und||
040 ## - CATALOGING SOURCE
Transcribing agency GE_BSU
080 ## - UNIVERSAL DECIMAL CLASSIFICATION NUMBER
Universal Decimal Classification number 347.9(479.22)(075.8
100 ## - MAIN ENTRY--PERSONAL NAME
Personal name კობახიძე, ავთანდილ
245 ## - TITLE STATEMENT
Title სამოქალაქო სამართალი
245 ## - TITLE STATEMENT
Remainder of title წ. 1 : ზოგადი ნაწილი
245 ## - TITLE STATEMENT
Statement of responsibility, etc. რედ.: რომან შენგელია
260 ## - PUBLICATION, DISTRIBUTION, ETC.
Place of publication, distribution, etc. თბილისი
260 ## - PUBLICATION, DISTRIBUTION, ETC.
Name of publisher, distributor, etc. გ.გ
260 ## - PUBLICATION, DISTRIBUTION, ETC.
Date of publication, distribution, etc. ?
300 ## - PHYSICAL DESCRIPTION
Extent 384 გვ,20სმ.
653 ## - INDEX TERM--UNCONTROLLED
Uncontrolled term სამართალი
653 ## - INDEX TERM--UNCONTROLLED
Uncontrolled term სამოქალაქო სამართალი - სახელმძღვანელოები უმაღლესი სასწავლებლებისათვის;
942 ## - ADDED ENTRY ELEMENTS (KOHA)
Koha item type წიგნი
ეგზემპლარები
Withdrawn status Lost status Damaged status Not for loan Date acquired Barcode Date last seen Price effective from Koha item type
        2018-12-17 40699 2018-12-17 2018-12-17 წიგნი
        2018-12-17 40700 2018-12-17 2018-12-17 წიგნი